[Event "EIRCC 2019"]
[Site "Tallinn"]
[Date "2019.12.06"]
[Round "12.24"]
[White "Rocha, Sergio"]
[Black "Lobanov, Sergei"]
[Result "0-1"]
[WhiteElo "2249"]
[BlackElo "2483"]
[Annotator "ChessBase"]
[PlyCount "86"]
[EventDate "2019.12.05"]
[EventType "swiss"]
[EventCountry "EST"]
[SourceTitle "playchess.com"]
[Source "ChessBase"]
[SourceQuality "1"]
[TimeControl "900+10"]

1. c4 {[%emt 0:00:00]} e5 {[%emt 0:01:47]} 2. Nf3 {[%emt 0:00:00]} Nc6 {[%emt 0:00:01]} 3. b3 {[%emt 0:00:03]} e4 {[%emt 0:03:20]} 4. Ng1 {[%emt 0:00:02]} f5 {[%emt 0:00:10]} 5. Bb2 {[%emt 0:00:03]} Nf6 {[%emt 0:00:01]} 6. Nc3 {[%emt 0:00:09]} d5 {[%emt 0:00:17]} 7. cxd5 {[%emt 0:00:16]} Nb4 {[%emt 0:00:23]} 8. Nh3 {[%emt 0:00:20]} Nbxd5 {[%emt 0:00:10]} 9. Nxd5 {[%emt 0:00:20]} Nxd5 {[%emt 0:00:33]} 10. g3 {[%emt 0:00:07]} Be6 {[%emt 0:00:35]} 11. Nf4 {[%emt 0:00:13]} Nxf4 {[%emt 0:00:08]} 12. gxf4 {[%emt 0:00:02]} Qh4 {[%emt 0:00:31]} 13. e3 {[%emt 0:00:09]} O-O-O {[%emt 0:00:03]} 14. Qc2 {[%emt 0:00:07]} Bb4 {[%emt 0:00:32]} 15. O-O-O {[%emt 0:02:38]} Rd7 {[%emt 0:00:48]} 16. Bb5 {[%emt 0:01:24]} c6 {[%emt 0:00:21]} 17. Be5 {[%emt 0:01:21]} Bd6 {[%emt 0:01:00]} 18. d4 {[%emt 0:01:11]} exd3 {[%emt 0:02:12]} 19. Bxd3 {[%emt 0:00:02]} Bxe5 {[%emt 0:00:14]} 20. fxe5 {[%emt 0:00:02]} Rhd8 {[%emt 0:00:21]} 21. f4 {[%emt 0:01:21]} g6 {[%emt 0:00:09]} 22. Bc4 {[%emt 0:00:43]} Bxc4 {[%emt 0:00:16]} 23. bxc4 {[%emt 0:00:37]} Qh3 {[%emt 0:00:26]} 24. Qc3 {[%emt 0:00:41]} Qf3 {[%emt 0:00:04]} 25. Qb3 {[%emt 0:02:33]} Rxd1+ {[%emt 0:01:00]} 26. Rxd1 {[%emt 0:00:01]} Rxd1+ {[%emt 0:00:02]} 27. Qxd1 {[%emt 0:00:04]} Qxe3+ {[%emt 0:00:00]} 28. Kc2 {[%emt 0:00:11]} Qa3 {[%emt 0:00:13]} 29. Qd4 {[%emt 0:00:53]} Qxa2+ {[%emt 0:00:02]} 30. Kc1 {[%emt 0:00:13]} Qa3+ {[%emt 0:00:08]} 31. Kc2 {[%emt 0:00:01]} Qa4+ {[%emt 0:00:51]} 32. Kc1 {[%emt 0:00:12]} Qb4 {[%emt 0:01:44]} 33. e6 {[%emt 0:00:47]} Qe1+ {[%emt 0:00:01]} 34. Kc2 {[%emt 0:00:04]} Qxe6 {[%emt 0:00:02]} 35. Kb3 {[%emt 0:00:07]} b5 {[%emt 0:00:26]} 36. Qxa7 {[%emt 0:00:24]} Qxc4+ {[%emt 0:00:01]} 37. Kb2 {[%emt 0:00:01]} Qb4+ {[%emt 0:00:01]} 38. Kc1 {[%emt 0:00:01]} Qxf4+ {[%emt 0:00:02]} 39. Kc2 {[%emt 0:00:05]} Qxh2+ {[%emt 0:00:05]} 40. Kb3 {[%emt 0:00:03]} Qg3+ {[%emt 0:00:15]} 41. Kb4 {[%emt 0:00:03]} Qd6+ {[%emt 0:00:04]} 42. Kb3 {[%emt 0:00:02]} h5 {[%emt 0:00:03]} 43. Qh7 {[%emt 0:00:04]} f4 {[%emt 0:00:02]} 0-1

[Event "EIRCC 2019"]
[Site "Tallinn"]
[Date "2019.12.06"]
[Round "12.25"]
[White "Promyshlyanskiy, Vitaliy"]
[Black "Potapov, Pavel"]
[Result "0-1"]
[WhiteElo "2211"]
[BlackElo "2482"]
[Annotator "TA"]
[PlyCount "144"]
[EventDate "2019.12.05"]
[EventType "swiss"]
[EventCountry "EST"]
[SourceTitle "playchess.com"]
[Source "ChessBase"]
[SourceQuality "1"]

{[%evp 9,144,0,7,0,1,-20,-16,-32,-27,-30,-14,-22,0,0,31,39,41,11,58,56,124,128,126,148,132,116,112,73,152,156,138,106,133,6,6,10,6,22,9,14,39,-11,-10,-39,-15,-268,-254,-269,-255,-239,-208,-310,-303,-345,-349,-486,-437,-426,-345,-319,-221,-216,0,0,0,-107,-139,-455,-455,-512,-446,-501,-496,-487,-481,-672,-672,-29978,-29979,-29994,0,0,0,0,0,-29998,-270,-364,-335,-418,0,-12837,0,0,0,0,0,0,0,0,0,-177,-193,-478,-477,-467,-468,-468,-468,-468,-468,-12826,-12827,-12839,-12839,-12841,-12842,-12847,-12847,-12848,-12848,-12850,-12848,-12850,-12850,-12850,-12848,-12850,-12850,-12851,-27998,-27999,-27999,-27998,-27998,-27999,-27999]} 1. e4 c5 2. Nc3 Nc6 3. Bb5 Nd4 4. Bc4 e6 5. Nge2 Nf6 6. O-O {B23: Closed Sicilian: Lines without g3} a6 7. d3 b5 8. Bb3 {The position is equal.} Nxb3 9. axb3 Bb7 10. f4 d5 {[%cal Rd5e4]} 11. e5 d4 12. exf6 dxc3 13. f5 Qd5 {[%csl Gb7][%cal Rd5g2]} (13... Qxf6 $5 {[%cal Rc3b2]} 14. Nxc3 exf5 $15) 14. Rf2 $146 O-O-O ({Black should try} 14... exf5 $14 15. Nxc3 (15. bxc3 g6 $11) 15... Qc6) 15. Nxc3 $16 Qc6 16. fxe6 Qxe6 17. Bg5 g6 18. Qe2 Qc6 (18... Qxe2 $142 19. Rxe2 Bd6) 19. Ne4 Kb8 20. Re1 Ka8 21. Qg4 (21. Qd2 $16) 21... c4 $1 $11 22. bxc4 bxc4 23. Qg3 cxd3 24. cxd3 Bb4 25. Rc1 (25. Bd2 $5 {[%cal Rd2b4]} Bxd2 26. Nxd2 $14 (26. Rxd2 Qb6+ 27. Qe3 Qxe3+ 28. Rxe3 Bxe4 $14)) 25... Qb5 26. Rf3 Rhe8 (26... Rc8 $5 {[%cal Rc8c1]} 27. Qf4 Rxc1+ 28. Qxc1 Rc8 $15) 27. Nf2 $2 {[%mdl 8192]} (27. h4 $11 {and White is okay.}) 27... Bxf3 28. Qxf3+ Qb7 29. Ne4 Rd5 30. Rc4 (30. Ra1 $142) 30... Red8 $19 31. h4 Rxd3 32. Qg4 R3d4 33. Qe2 Rd1+ 34. Kh2 Qb8+ ({And not} 34... Qb6 35. Rxb4 $1 {[%mdl 512]} Qg1+ 36. Kh3 $16) 35. g3 R1d3 $2 ({Black should play} 35... Qb5 $19 {And now ...R8d4 would win.} 36. Qc2 Re1) 36. Bf4 $11 Qb7 (36... Qb5 $5 37. Qc2 $8 h6 $1 $11 {[%mdl 512]}) 37. Nf2 (37. Qc2 $1 $11) 37... R3d7 $1 $17 38. Rxb4 $4 {[%mdl 8192]} (38. Ne4 $17 {was the crucial defense.}) 38... Qxb4 $19 39. Qxa6+ Ra7 40. Qc6+ Qb7 41. Qc3 Ra1 42. b4 {[#]} Ra2 $1 43. Be3 Rd1 {[%csl Gb7][%cal Rd1h1]} 44. Kh3 {[#]} Rh1+ $2 (44... h5 $1 {[%mdl 512]} 45. Qc8+ Qxc8+ 46. Kh2 Qc6 47. Bd2 Rdxd2 48. Kh3 Rxf2 49. g4 Qg2#) 45. Nxh1 $11 Qxh1+ {[%mdl 4096] Endgame KQR-KQB} 46. Kg4 {[%cal Rc3c8]} Qd1+ $1 47. Kh3 $2 {[%mdl 8192]} (47. Kf4 $11 Qd8 48. Qc6+ Kb8 49. Qb5+ Kc8 50. Ke4) 47... Qd7+ $2 (47... Qf1+ {mates} 48. Kg4 Qf5#) 48. g4 $19 Qb7 {[%csl Ga2][%cal Rb7g2]} 49. Kg3 h6 $2 ({Better is} 49... Rg2+ $1 $19 50. Kf4 Qb8+ 51. Ke4 Rxg4+ {[%mdl 64] Double Attack} 52. Kf3 Qg3+ {[%mdl 64] Double Attack} 53. Ke2 Qg2+ 54. Ke1 Qh1+ 55. Ke2 Qg2+ 56. Ke1 Qh1+ 57. Ke2 Qg2+) 50. Qd4 $2 {[%mdl 8192]} (50. Bxh6 $11 Qg2+ 51. Kf4) 50... Qg2+ $2 (50... Rg2+ $19 51. Kf4 Qb8+ 52. Kf3 Qg3+ {[%mdl 64] Double Attack} 53. Ke4 Qxg4+ 54. Kd3 Qe2+ 55. Ke4 Rg4+ {[%mdl 64] Double Attack, Skewer} 56. Kd5 Rxd4+ 57. Kxd4 Qh5) 51. Kf4 $11 Qh2+ 52. Kf3 $1 {Black must now prevent Qe4+.} Qg2+ 53. Kf4 Qf1+ 54. Ke5 Qb5+ 55. Ke4 $2 (55. Kd6 $1 $11 Qb7 56. b5) 55... Qc6+ $19 56. Qd5 $2 (56. Ke5 {is a better defense.}) 56... Qxd5+ $1 57. Kxd5 {[#] KR-KB} h5 $1 58. gxh5 gxh5 59. Bg5 Kb7 60. Kd6 {[#]} (60. Bf4 $142 Rf2 61. Bg5) 60... Re2 $1 61. Kd7 Re6 62. Kd8 Kc6 63. Bd2 Rd6+ 64. Ke7 Rxd2 65. Kxf7 {KR-K3P} Kd7 66. b5 Rb2 67. Kg7 Ke6 68. Kg6 Rg2+ 69. Kxh5 Kxf6 70. Kh6 {Black mates.} Rb2 71. b6 Rxb6 {( -> ...Rb5)} 72. Kh5 Rb4 {Accuracy: White = 21%, Black = 62%.} 0-1

[Event "EIRCC 2019"]
[Site "Tallinn"]
[Date "2019.12.06"]
[Round "12.26"]
[White "Cerveny, Martin"]
[Black "Sanz Wawer, Daniel"]
[Result "0-1"]
[WhiteElo "2432"]
[BlackElo "2103"]
[Annotator "NA"]
[PlyCount "154"]
[EventDate "2019.12.05"]
[EventType "swiss"]
[EventCountry "EST"]
[SourceTitle "playchess.com"]
[Source "ChessBase"]
[SourceQuality "1"]
[TimeControl "900+10"]

1. d4 {[%emt 0:00:00]} Nf6 {[%emt 0:00:00]} 2. Nf3 {[%emt 0:00:00]} e6 {[%emt 0:00:00]} 3. c4 {[%emt 0:00:00]} Bb4+ {[%emt 0:00:00]} 4. Nbd2 {[%emt 0:00:00]} d5 {[%emt 0:00:16]} 5. a3 {[%emt 0:00:16]} Be7 {[%emt 0:00:44]} 6. b4 {[%emt 0:00:21]} O-O {[%emt 0:00:10]} 7. Bb2 {[%emt 0:00:02]} b6 {[%emt 0:00:06]} 8. e3 {[%emt 0:00:22]} Bb7 {[%emt 0:00:06]} 9. c5 {[%emt 0:00:14]} Ne4 {[%emt 0:00:27]} 10. Bd3 {[%emt 0:00:24]} f5 {[%emt 0:00:03]} 11. Rc1 {[%emt 0:01:10]} c6 {[%emt 0:00:34]} 12. Ne5 {[%emt 0:00:44]} Nxd2 {[%emt 0:01:19]} 13. Qxd2 {[%emt 0:00:02]} Nd7 {[%emt 0:00:17]} 14. Nxd7 {[%emt 0:01:53]} Qxd7 {[%emt 0:00:02]} 15. a4 {[%emt 0:00:02]} bxc5 {[%emt 0:01:01]} 16. bxc5 {[%emt 0:00:28]} Qc8 {[%emt 0:01:04]} 17. Qe2 {[%emt 0:00:47]} Qc7 {[%emt 0:01:12]} 18. Bc3 {[%emt 0:00:18]} Bf6 {[%emt 0:00:16]} 19. f4 {[%emt 0:00:41]} Rab8 {[%emt 0:00:14]} 20. h4 {[%emt 0:01:38]} Bc8 {[%emt 0:00:13]} 21. g4 {[%emt 0:00:02]} fxg4 {[%emt 0:00:51]} 22. h5 {[%emt 0:00:19]} Kh8 {[%emt 0:00:56]} 23. Qc2 {[%emt 0:00:24]} h6 {[%emt 0:00:27]} 24. Ke2 {[%emt 0:00:25]} Bd7 {[%emt 0:00:51]} 25. a5 {[%emt 0:00:37]} Qb7 {[%emt 0:00:54]} 26. Rb1 {[%emt 0:00:23]} Qc7 {[%emt 0:00:11]} 27. a6 {[%emt 0:00:05]} Rxb1 {[%emt 0:00:32]} 28. Qxb1 {[%emt 0:00:20]} Rb8 {[%emt 0:00:20]} 29. Qd1 {[%emt 0:00:06]} Be8 {[%emt 0:00:46]} 30. Kf2 {[%emt 0:00:21]} Qf7 {[%emt 0:00:40]} 31. Kg2 {[%emt 0:00:11]} Kg8 {[%emt 0:00:35]} 32. Bc2 {[%emt 0:00:44]} Bd7 {[%emt 0:01:23]} 33. Qd3 {[%emt 0:00:17]} Kf8 {[%emt 0:00:11]} 34. Qe2 {[%emt 0:00:49]} Bc8 {[%emt 0:00:19]} 35. Bd3 {[%emt 0:00:23]} Rb3 {[%emt 0:00:33]} 36. Qc2 {[%emt 0:00:11]} Rb8 {[%emt 0:00:09]} 37. Ba5 {[%emt 0:00:04]} Qe8 {[%emt 0:00:57]} 38. Bc7 {[%emt 0:01:08]} Ra8 {[%emt 0:00:00]} 39. Bd6+ {[%emt 0:00:24]} Be7 {[%emt 0:00:13]} 40. Be5 {[%emt 0:00:19]} Bf6 {[%emt 0:00:25]} 41. Qe2 {[%emt 0:00:09]} Bxe5 {[%emt 0:00:48]} 42. fxe5 {[%emt 0:00:02]} Rb8 {[%emt 0:00:38]} 43. Rf1+ {[%emt 0:00:17]} Kg8 {[%emt 0:00:05]} 44. Qxg4 {[%emt 0:00:18]} Qe7 {[%emt 0:00:18]} 45. Qg6 {[%emt 0:00:28]} Qg5+ {[%emt 0:00:04]} 46. Qxg5 {[%emt 0:00:01]} hxg5 {[%emt 0:00:02]} 47. Bg6 {[%emt 0:00:15]} Bxa6 {[%emt 0:00:08]} 48. Rf7 {[%emt 0:00:03]} Rb7 {[%emt 0:00:34]} 49. Rf2 {[%emt 0:00:02]} Bb5 {[%emt 0:00:26]} 50. Kg3 {[%emt 0:00:05]} a5 {[%emt 0:00:02]} 51. Kg4 {[%emt 0:00:03]} a4 {[%emt 0:00:06]} 52. Kxg5 {[%emt 0:00:04]} a3 {[%emt 0:00:28]} 53. Ra2 {[%emt 0:01:17]} Ra7 {[%emt 0:00:02]} 54. h6 {[%emt 0:00:01]} Bc4 {[%emt 0:00:44]} 55. h7+ {[%emt 0:01:06]} Kh8 {[%emt 0:00:01]} 56. Ra1 {[%emt 0:00:04]} a2 {[%emt 0:00:05]} 57. e4 {[%emt 0:00:23]} Rb7 {[%emt 0:00:21]} 58. exd5 {[%emt 0:00:02]} Bxd5 {[%emt 0:00:07]} 59. Rf1 {[%emt 0:00:38]} Rb8 {[%emt 0:00:01]} 60. Bd3 {[%emt 0:00:03]} Ra8 {[%emt 0:00:07]} 61. Ra1 {[%emt 0:00:03]} Ra3 {[%emt 0:00:19]} 62. Bg6 {[%emt 0:00:15]} Rg3+ {[%emt 0:00:10]} 63. Kh5 {[%emt 0:00:09]} Bf3+ {[%emt 0:00:01]} 64. Kh4 {[%emt 0:00:01]} Rxg6 {[%emt 0:00:07]} 65. Rxa2 Kxh7 {[%emt 0:00:04]} 66. Rf2 {[%emt 0:00:22]} Bd5 {[%emt 0:00:15]} 67. Rf4 {[%emt 0:00:13]} Rg1 {[%emt 0:00:05]} 68. Kh3 {[%emt 0:00:02]} Kg6 {[%emt 0:00:14]} 69. Kh4 {[%emt 0:00:03]} Re1 {[%emt 0:00:07]} 70. Rg4+ {[%emt 0:00:05]} Kh7 {[%emt 0:00:14]} 71. Kg5 {[%emt 0:00:04]} Re4 {[%emt 0:00:07]} 72. Rg3 {[%emt 0:01:13]} Rxd4 {[%emt 0:00:08]} 73. Rf3 {[%emt 0:00:01]} Re4 {[%emt 0:00:20]} 74. Rh3+ {[%emt 0:00:02]} Kg8 {[%emt 0:00:02]} 75. Kg6 {[%emt 0:00:02]} Rg4+ {[%emt 0:00:12]} 76. Kh5 {[%emt 0:00:01]} Rg1 {[%emt 0:00:08]} 77. Kh4 {[%emt 0:00:15]} Rh1 {[%emt 0:00:10]} 0-1

[Event "EIRCC 2019"]
[Site "Tallinn"]
[Date "2019.12.06"]
[Round "12.27"]
[White "Peterson, Emery"]
[Black "Mohr, Georg"]
[Result "1/2-1/2"]
[WhiteElo "2176"]
[BlackElo "2424"]
[Annotator "TA"]
[PlyCount "57"]
[EventDate "2019.12.05"]
[EventType "swiss"]
[EventCountry "EST"]
[SourceTitle "playchess.com"]
[Source "ChessBase"]
[SourceQuality "1"]

{[%evp 9,57,27,36,38,43,17,22,18,27,28,19,27,32,-37,55,47,50,60,85,69,62,60,71,72,77,27,177,115,125,124,116,112,162,164,170,0,90,0,170,0,140,131,129,113,121,0,104,0,112,0]} 1. d4 g6 2. Nc3 d5 3. e4 dxe4 4. Nxe4 Bg7 5. c3 Nd7 6. Nf3 {B06: Modern Defence} (6. Bc4 Nb6 7. Bb3 c6 8. Nf3 Nf6 9. Nxf6+ exf6 10. O-O O-O 11. h3 Re8 12. Bf4 Be6 13. a4 Bxb3 14. Qxb3 {1-0 (38) Van Foreest,J (2548)-Polzin,R (2416) Berlin 2015}) 6... Ngf6 7. Bd3 O-O 8. O-O {The position is equal.} b6 9. Re1 Bb7 10. Bg5 h6 $146 ({Predecessor:} 10... Nxe4 11. Bxe4 Bxe4 12. Rxe4 Nf6 13. Re1 Re8 14. Qb3 {½-½ (48) Brozyna,M (1763)-Raczynski,K (1978) Szklarska Poreba 2016}) 11. Bh4 (11. Nxf6+ $14 Nxf6 12. Bf4) 11... Rc8 (11... Bxe4 $15 12. Rxe4 Nxe4 13. Bxe4 Rb8) 12. Qe2 $14 Re8 13. Rad1 a5 14. Ne5 Nxe4 $1 15. Bxe4 Bxe4 16. Qxe4 Nf6 17. Qb7 e6 {[#]} (17... Qd5 $11 {and Black has nothing to worry.} 18. Qxd5 Nxd5) 18. Nc6 (18. d5 $1 $18 {[%cal Rd5e6] Hoping for dxe6.} Qe7 19. Nc6) 18... Qd7 19. c4 Kh7 20. b3 Ra8 21. Ne5 Qe7 22. Nc6 (22. Qf3 $18 {Black must now prevent Nc6.} Kg8 23. Nc6) 22... Qd7 $1 $16 23. Ne5 (23. h3 $16) 23... Qe7 $18 24. Nc6 $2 {[#]} ({White should play} 24. Qf3 $18 {Strongly threatening Nc6.} Kg8 25. Nc6) 24... Qd6 (24... Qd7 $1 $11) 25. Bg3 $16 Qd7 26. Ne5 ({Worse is} 26. Qxc7 Qxc7 27. Bxc7 Rec8 $17) 26... Qe7 27. Nc6 Qd7 28. Ne5 ({Weaker is} 28. Qxc7 Qxc7 29. Bxc7 Rec8 $17) 28... Qe7 29. Nc6 {Accuracy: White = 56%, Black = 37%.} (29. Qf3 $16) 1/2-1/2

[Event "EIRCC 2019"]
[Site "Tallinn"]
[Date "2019.12.06"]
[Round "12.28"]
[White "Askerov, Marat"]
[Black "Ziska, Helgi Dam"]
[Result "0-1"]
[WhiteElo "2243"]
[BlackElo "2646"]
[Annotator "TA"]
[PlyCount "60"]
[EventDate "2019.12.05"]
[EventType "swiss"]
[EventCountry "EST"]
[SourceTitle "playchess.com"]
[Source "ChessBase"]
[SourceQuality "1"]

{[%evp 21,59,44,41,32,39,20,45,0,0,-8,22,8,72,46,49,48,56,45,62,28,38,43,73,23,29,9,30,12,20,0,0,-211,-212,-209,-214,-217,-214,-222,-228,-29999]} 1. d4 Nf6 2. c4 g6 3. Nf3 Bg7 4. g3 O-O 5. Bg2 d6 6. O-O Nc6 7. Nc3 Bg4 8. h3 Bxf3 9. Bxf3 Nd7 10. e3 e5 11. d5 Ne7 12. Rb1 {E62: King's Indian: Fianchetto: 6...c6 and Panno Variation (6...Nc6) without ...a6} (12. Bg2 f5 13. b3 e4 14. Bb2 g5 15. f3 exf3 16. Qxf3 Ng6 17. Qe2 f4 18. exf4 gxf4 19. Ne4 Bxb2 20. Qxb2 Nde5 21. gxf4 Nxf4 {0-1 (36) Hou,Y (2658)-Nakamura,H (2777) chess.com INT 2018}) 12... f5 13. Be2 a5 $146 ({Predecessor:} 13... a6 14. f4 Bf6 15. Qd2 g5 16. b4 Rf7 17. Rf2 Qf8 18. Bb2 Qh6 19. Bf1 Rg7 {0-1 (27) Ushacov,V (2107)-Bondar,E (2147) Kemerovo 2013}) 14. f4 {White is slightly better.} Nc5 15. Qc2 h6 16. b3 g5 (16... c6 $11) 17. Bb2 exf4 18. exf4 Ng6 {Threatens to win with ...gxf4.} 19. Bh5 gxf4 $1 20. Bxg6 Qg5 {[%mdl 64] Double Attack} 21. Ne2 Bxb2 22. Rxb2 (22. Rxf4 $5 {[%cal Rb1b2]} Be5 23. Rxf5 Rxf5 24. Qxf5 $16) 22... Qxg6 23. Rxf4 {And now Rg4! would win.} Kh7 24. Kh2 Rae8 $1 {[%cal Re8e3] aiming for ...Re3.} 25. Nd4 {[%cal Rd4f5]} Re4 26. Qc3 $2 (26. Rxe4 $11 fxe4 27. Qg2) 26... Rxf4 $19 27. gxf4 {[#]} Rg8 $1 {[%csl Gg8][%cal Rg6g1]} 28. Qe3 {[#]} Nd3 $1 {[%cal Rd3b2][%mdl 512]} 29. Rd2 {[#]} (29. Qxd3 Qg1#) 29... Nxf4 $1 {[%mdl 512]} 30. Rf2 $2 (30. Qf2 $19) (30. Qxf4 Qg1#) 30... Qg1# {Accuracy: White = 20%, Black = 58%.} 0-1

[Event "EIRCC 2019"]
[Site "Tallinn"]
[Date "2019.12.06"]
[Round "12.29"]
[White "Loginov, Valery A"]
[Black "Meyer, Falko"]
[Result "1-0"]
[WhiteElo "2461"]
[BlackElo "2208"]
[Annotator "TA"]
[PlyCount "43"]
[EventDate "2019.12.05"]
[EventType "swiss"]
[EventCountry "EST"]
[SourceTitle "playchess.com"]
[Source "ChessBase"]
[SourceQuality "1"]

{[%evp 9,43,20,18,14,26,30,25,27,77,83,72,50,52,61,91,61,211,209,179,170,191,169,303,297,291,266,258,266,297,302,396,397,383,352,423,414]} 1. Nf3 c6 2. g3 d5 3. Bg2 Nd7 4. c4 Ngf6 5. cxd5 cxd5 6. Nc3 {A11: English Opening: 1...c6} (6. d4 e6 7. Bf4 Qb6 8. Qc2 Bd6 9. O-O O-O 10. Nc3 Bxf4 11. gxf4 Nb8 12. Rac1 Bd7 13. e3 Bc6 {½-½ (24) Bruzon Batista,L (2677)-Andreikin,D (2718) Havana 2015}) 6... e6 7. O-O a6 8. d3 {White has an edge.} Bd6 9. e4 O-O 10. Re1 $146 {And now e5 would win.} ({Predecessor:} 10. Qe2 Rb8 11. e5 d4 12. Nd1 Be7 13. exf6 Nxf6 {1-0 (40) Ferger,J-Ehringfeld,M Solingen 2014}) 10... dxe4 11. dxe4 Bb4 12. e5 Bxc3 (12... Nd5 $1 $14) 13. bxc3 $18 Nd5 14. Ba3 Re8 15. c4 $36 {[%mdl 2048] Keeping Black busy.} N5b6 (15... Ne7 {keeps fighting.} 16. Nd4 Nb8) 16. Rc1 Nf8 17. Qxd8 Rxd8 18. Bd6 Re8 19. Nd4 f6 20. exf6 gxf6 21. c5 {[%cal Bc4c5,Bc5c6][%mdl 32]} Nbd7 22. c6 {Accuracy: White = 84%, Black = 37%.} 1-0

[Event "EIRCC 2019"]
[Site "Tallinn"]
[Date "2019.12.06"]
[Round "12.30"]
[White "Ladva, Ottomar"]
[Black "Dubrovin, Robert"]
[Result "1-0"]
[WhiteElo "2446"]
[BlackElo "2235"]
[Annotator "NA"]
[PlyCount "75"]
[EventDate "2019.12.05"]
[EventType "swiss"]
[EventCountry "EST"]
[SourceTitle "playchess.com"]
[Source "ChessBase"]
[SourceQuality "1"]
[TimeControl "900+10"]

1. Nf3 {[%emt 0:00:00]} Nf6 {[%emt 0:00:01]} 2. g3 {[%emt 0:00:00]} b5 {[%emt 0:00:06]} 3. Bg2 {[%emt 0:00:05]} Bb7 {[%emt 0:00:01]} 4. Na3 {[%emt 0:00:27]} a6 {[%emt 0:00:01]} 5. c4 {[%emt 0:00:03]} e5 {[%emt 0:00:53]} 6. cxb5 {[%emt 0:00:22]} Bxa3 {[%emt 0:00:39]} 7. bxa3 {[%emt 0:00:01]} axb5 {[%emt 0:00:01]} 8. Qb3 {[%emt 0:01:17]} O-O {[%emt 0:02:15]} 9. Qxb5 {[%emt 0:00:17]} Ba6 {[%emt 0:00:13]} 10. Qb1 {[%emt 0:00:39]} e4 {[%emt 0:00:11]} 11. Nd4 {[%emt 0:00:09]} c5 {[%emt 0:00:22]} 12. Nb5 {[%emt 0:00:59]} Nc6 {[%emt 0:01:35]} 13. a4 {[%emt 0:01:27]} Rb8 {[%emt 0:00:28]} 14. Bb2 {[%emt 0:00:28]} Bxb5 {[%emt 0:01:02]} 15. axb5 {[%emt 0:01:10]} Rxb5 {[%emt 0:00:03]} 16. a4 {[%emt 0:01:04]} Rb8 {[%emt 0:02:03]} 17. Qc1 {[%emt 0:01:11]} Nd4 {[%emt 0:00:51]} 18. Bxd4 {[%emt 0:00:04]} cxd4 {[%emt 0:00:00]} 19. a5 {[%emt 0:01:56]} Qe7 {[%emt 0:00:47]} 20. O-O {[%emt 0:00:55]} Rfc8 {[%emt 0:00:06]} 21. Qa3 {[%emt 0:00:27]} Qe6 {[%emt 0:01:20]} 22. a6 {[%emt 0:01:54]} d5 {[%emt 0:00:27]} 23. d3 {[%emt 0:00:22]} h5 {[%emt 0:00:06]} 24. Qa4 {[%emt 0:00:46]} Qb6 {[%emt 0:00:26]} 25. a7 {[%emt 0:00:28]} Ra8 {[%emt 0:00:22]} 26. Rfb1 {[%emt 0:00:03]} Qc5 {[%emt 0:00:15]} 27. Rb7 {[%emt 0:00:47]} h4 {[%emt 0:01:19]} 28. Rab1 {[%emt 0:00:42]} hxg3 {[%emt 0:02:15]} 29. hxg3 {[%emt 0:00:02]} e3 {[%emt 0:00:25]} 30. fxe3 {[%emt 0:00:15]} dxe3 {[%emt 0:00:12]} 31. Rb8 Kh7 32. Qh4+ Kg6 33. Bh3 {[%emt 0:01:37]} Re8 {[%emt 0:01:33]} 34. Rf1 {[%emt 0:00:12]} d4 {[%emt 0:00:02]} 35. Bf5+ {[%emt 0:00:11]} Qxf5 {[%emt 0:00:01]} 36. Rxf5 {[%emt 0:00:01]} Kxf5 {[%emt 0:00:05]} 37. Rxa8 {[%emt 0:00:15]} Rxa8 {[%emt 0:00:01]} 38. Qxd4 {[%emt 0:00:01]} 1-0